| 000 | 00712nam a22002177a 4500 | ||
|---|---|---|---|
| 003 | 0 | ||
| 005 | 20251009145817.0 | ||
| 008 | 251009b xxu||||| |||| 00| 0 eng d | ||
| 020 | _a978-1-032-49493-7 | ||
| 050 |
_aBF 637.C6 _b.B47 2025 |
||
| 100 |
_aBerg, Robert C., _eauthor. |
||
| 245 |
_aGroup counseling : _bconcepts and procedures / _cRobert C. Berg, Garry L. Landreth, and Kevin A. Fall. |
||
| 250 | _aSeventh edition. | ||
| 260 |
_aNew York, NY : _bRoutledge, _c2025. |
||
| 300 |
_ax, 261 pages ; _c26 cm. |
||
| 504 | _aIncludes bibliographical references and index. | ||
| 650 | _aGroup counseling. | ||
| 700 |
_aLandreth, Garry L., _eauthor. |
||
| 700 |
_aFall, Kevin A., _eauthor. |
||
| 942 |
_2lcc _cBK |
||
| 999 |
_c368209 _d368209 |
||